Lenin, selected works / (Record no. 26106)
[ view plain ]
| 000 -LEADER | |
|---|---|
| fixed length control field | 00876cam a2200289Ia 4500 |
| 001 - CONTROL NUMBER | |
| control field | 26106 |
| 003 - CONTROL NUMBER IDENTIFIER | |
| rucl marc code | BD-RJUL |
| 005 - DATE AND TIME OF LATEST TRANSACTION | |
| control field | 20211209050955.0 |
| 008 - FIXED-LENGTH DATA ELEMENTS--GENERAL INFORMATION | |
| fixed length control field | 140320m19701963ru c 001 0 eng d |
| 035 ## - SYSTEM CONTROL NUMBER | |
| System control number | (BD-RJUL)26176 |
| System control number | (OCoLC)10465528 |
| 040 ## - CATALOGING SOURCE | |
| Original cataloging agency | NDU |
| Transcribing agency | NDU |
| Modifying agency | OCL |
| -- | MYG |
| Language of cataloging | eng |
| 041 1# - LANGUAGE CODE | |
| Language code of text/sound track or separate title | eng |
| Language code of original | rus |
| 082 ## - DEWEY DECIMAL CLASSIFICATION NUMBER | |
| Classification number | 947.0841 |
| Author mark and year | LEL 1970 |
| 090 ## - LOCALLY ASSIGNED LC-TYPE CALL NUMBER (OCLC); LOCAL CALL NUMBER (OCLC) | |
| Classification number (OCLC) (R) ; Classification number, CALL (RLIN) (NR) | DK254.L3 |
| Local cutter number (OCLC) ; Book number/undivided call number, CALL (RLIN) | A57 1946 |
| 100 1# - MAIN ENTRY--PERSONAL NAME | |
| Personal name | Lenin, Vladimir Il\02B9ich, |
| Dates associated with a name | 1870-1924. |
| 9 (RLIN) | 80235 |
| 245 10 - TITLE STATEMENT | |
| Title | Lenin, selected works / |
| Statement of responsibility, etc. | V. I. Lenin |
| Number of part/section of a work | V-1 |
| 246 3# - VARYING FORM OF TITLE | |
| Title proper/short title | V.I. Lenin, selected works |
| 260 ## - PUBLICATION, DISTRIBUTION, ETC. (IMPRINT) | |
| Place of publication, distribution, etc. | Moscow : |
| Name of publisher, distributor, etc. | Progress publishers, |
| Date of publication, distribution, etc. | 1970. |
| 300 ## - PHYSICAL DESCRIPTION | |
| Pagination | 879 p. : |
| Illustrations | ports. ; |
| Size | 23 cm. |
| 500 ## - GENERAL NOTE | |
| General note | Added t.p.: V.I. Lenin, selected works. |
| 504 ## - BIBLIOGRAPHY, ETC. NOTE | |
| Bibliography, etc | Includes index |
| 650 #0 - SUBJECT ADDED ENTRY--TOPICAL TERM | |
| Topical term or geographic name as entry element | Socialism. |
| 9 (RLIN) | 80236 |
| 651 #0 - SUBJECT ADDED ENTRY--GEOGRAPHIC NAME | |
| Geographic name | Soviet Union |
| General subdivision | Politics and government |
| Chronological subdivision | 1917-1936. |
| 9 (RLIN) | 80237 |
| 942 ## - ADDED ENTRY ELEMENTS (KOHA) | |
| Source of classification or shelving scheme | Dewey Decimal Classification |
| Koha item type | Books |
| Lost status | Source of classification or shelving scheme | Damaged status | Not for loan | Collection code | Permanent Location | Current Location | Shelving location | Date acquired | Source of acquisition | Cost, normal purchase price | Total Checkouts | Full call number | Date last seen | Copy number | Koha item type |
|---|---|---|---|---|---|---|---|---|---|---|---|---|---|---|---|
| Dewey Decimal Classification | Non-fiction | Central Library, University of Rajshahi | Central Library, University of Rajshahi | 05/08/1989 | N/A | 0.00 | 947.0841 LEL V-1 1970 | 20/03/2014 | C-4 | Books |